| 000 | 00391nam a2200145Ia 4500 | ||
|---|---|---|---|
| 005 | 20250729165750.0 | ||
| 008 | 250729s2016 xx 000 0 und d | ||
| 041 | _aeng | ||
| 082 | _a370.15 MAIU | ||
| 100 |
_aMaisnam Lenka Gandhi _9232443 |
||
| 245 | _aUnderstanding Disciplines and Subjects | ||
| 260 |
_aMeerut _bR Lall Book Depot _c2016 |
||
| 300 | _a409p | ||
| 650 |
_aPsychology _9232444 |
||
| 999 |
_c239785 _d239785 |
||